Statistiques concernant Les leaders mondiaux et leurs pays - 1935

Cliquez ici pour prendre le quiz!

Statistiques générales

  • Ce quiz a été pris 57 fois
  • Le résultat moyen est 12 sur 18

Statistiques - réponses

PaysLeader ce de pays% Correct
Union SoviétiqueJoseph Staline
93%
Benito MussoliniItalie
91%
AllemagneAdolf Hitler
89%
Roi Leopold IIIBelgique
87%
Chiang Kai-shekChine
87%
Le pape Pie XIVatican
84%
Japon (Empereur)Hirohito
82%
Antonio de Oliveira SalazarPortugal
80%
États-UnisFranklin D. Roosevelt
76%
Royaume-Uni (Monarque)Georges V
73%
Roi Fouad IEgypte
69%
TurquieMustafa Kemal Atatürk
62%
Ethiopie (Empereur)Haile Selassie
58%
Roi Haakon VIINorvége
53%
Mohammed Zahir ShahAfghanistan
42%
FranceAlbert François Lebrun
40%
Republiqué DominicaineRafael Trujillo
24%
Konstantin PätsEstonie
18%

Distribution des résultats

Percentile par nombre de réponses

% des personnes avec chaque résultat

Votre développement - résultats

Vous n’avez pas pris ce quiz